2103-長良川鉄道の駅 - Statistics

General Stats
  • This quiz has been taken 94 times
  • The average score is 21 of 38
Answer Stats
本線 % Correct
美濃太田
97%
92%
郡上八幡
90%
北濃
85%
美濃市
83%
美濃白鳥
78%
富加
75%
関口
68%
関市役所前
68%
みなみ子宝温泉
63%
関下有知
60%
郡上大和
60%
前平公園
58%
加茂野
57%
関富岡
57%
せきてらす前
57%
白鳥高原
57%
湯の洞温泉口
55%
母野
53%
木尾
48%
白山長滝
48%
梅山
47%
大島
47%
美並苅安
45%
山田
45%
松森
43%
深戸
43%
洲原
42%
赤池
42%
相生
42%
自然園前
42%
大中
42%
大矢
40%
万場
40%
上万場
40%
八坂
37%
徳永
37%
福野
35%
No matching quizzes found
Score Distribution
Percent of People with Each Score
Percentile by Number Answered
Your Score History
You have not taken this quiz